| 000 | 00782nam a2200265Ia 4500 | ||
|---|---|---|---|
| 001 | 19794 | ||
| 003 | DO-CoUTE | ||
| 005 | 20260204212617.0 | ||
| 008 | 220104s9999 dr 000 0 spa d | ||
| 020 | _a978-958-8897-01-1 | ||
| 040 |
_aDO-CoUTE _bspa _cDO-CoUTE |
||
| 041 | 0 | _aspa | |
| 082 | _a526.9 B749t | ||
| 100 | 1 | _aBotía Flechas, Clara Judyth | |
| 245 | 1 | 0 | _aTopografía aplicada para ingenieros / Clara Judyth Botía Flechas y otros cinco |
| 260 | _aBogotá,Colombia : Editorial UD | ||
| 300 | _a294 páginas | ||
| 650 | 4 | _aTopografía | |
| 700 | 1 | _aPardo Pizón, Rubby Stella | |
| 700 | 1 | _aRivas Diazgranados, Mario | |
| 700 | 1 | _aVargas Vargas, Wilson Ernesto | |
| 942 |
_2ddc _cBK |
||
| 999 |
_c21210 _d21210 |
||